000 00556nam a2200229Ia 4500
003 OSt
005 20221005121131.0
006 a|||||r|||| 00| 0
007 ta
008 221004b |||||||| |||| 00| 0 eng d
024 _a44374
037 _cTextual
040 _aCRL
_cCRL
_beng
041 _2eng
_aeng
082 _aO168,1L97w, K9.1
245 0 _aGhalib, 1797-1869
260 _c1969
650 _a ENGLISH LITERATURE
650 _aURDU LITERATURE
942 _hO168,1L97w, K9.1
_cTEXL
_2cc
999 _c1040197
_d1040197